00000000nam##2200000za#4500
0019.589870
003CaOODSP
00520210624195844
007cr |||||||||||
008150406|1987||||xxc|||||o    f|0| 0 fre|d
022 |a1488-5379
040 |aCaOODSP|bfre
041 |aeng
041 |afre
043 |an-cn---
0861 |aFs97-6/1575-PDF
1101 |aCanada. |bMinistère des pêches et des océans.
24510|aCompte rendu des communications du treizième atelier annuel sur la toxicité aquatique du 12 au 14 novembre 1986, Moncton, Nouveau-Brunswick / |h[ressource électronique]|cÉditeur J.S.S. Lakshminarayana.
260 |aOttawa - Ontario : |bPêches et Océans Canada |c1987.
300 |a204p.|bfigures, ill., références, tableaux
4901 |aRapport technique canadien des sciences halieutiques et aquatiques|x1488-5379|vN° 1575
500 |aPublié par le Ministère des Approvisionnements et Services Canada. Le n° de catalogue et l'ISSN de l'édition imprimée apparaissent dans cette version électronique.
546 |aTextes préliminaires en français et en anglais. Les articles en leurs langues originales.
590 |a14-03-Supp|b2014-01-17
7201 |aLakshminarayana, J. S. S.
791 |tProceedings of the Thirteenth Annual Aquatic Toxicity Workshop – November 12-14, 1986, Moncton, New Brunswick / |eeng|w(CaOODSP)9.589869
830#0|aRapport technique canadien des sciences halieutiques et aquatiques,|x1488-5379|vN° 1575|w(CaOODSP)9.500270
85640|ahttp://publications.gc.ca|qPDF|s8009 Ko|uhttps://publications.gc.ca/collections/collection_2014/mpo-dfo/Fs97-6-1575.pdf|yN° 1575